Sister cities of Oklahoma City with a map - Statistics

General Stats
  • This quiz has been taken 36 times
  • The average score is 4 of 8
Answers on the Map
Answers color-coded by a green-red scale on the quiz's map according to % correct below.
 
Answer Stats
City % Correct
Taipei
88%
Rio de Janeiro
85%
Kigali
69%
Puebla
46%
Haikou
31%
Tainan
19%
Ulyanovsk
15%
Piura
8%
No matching quizzes found
Score Distribution
Percent of People with Each Score
Percentile by Number Answered
Your Score History
You have not taken this quiz